Loading...
| History - World History | 0 | 5 | 0 | 1 | 50 | 70 | 92.80 | 3 | 5 |
| History - Other History | 0 | 2 | 1 | 0 | 15 | 100 | 109.50 | 1 | 2 |
| History - European History | 0 | 2 | 1 | 0 | 15 | 93 | 108.50 | 2 | 2 |
| Science - Chemistry | 0 | 1 | 0 | 1 | 10 | 128 | 128.00 | 0 | 1 |
| Fine Arts - Other Fine Arts | 0 | 1 | 0 | 1 | 10 | 133 | 133.00 | 0 | 1 |
| Science - Biology | 0 | 1 | 0 | 0 | 10 | 84 | 84.00 | 0 | 1 |
| History - American History | 0 | 1 | 0 | 0 | 10 | 121 | 121.00 | 0 | 1 |
| Religion | 0 | 2 | 2 | 0 | 10 | 114 | 127.50 | 1 | 2 |
| Literature - World Literature | 0 | 1 | 1 | 0 | 5 | 148 | 148.00 | 0 | 1 |
| Fine Arts - Auditory Fine Arts | 0 | 0 | 0 | 0 | 0 | 0.00 | 0 | 0 | |
| Philosophy | 0 | 0 | 0 | 0 | 0 | 0.00 | 0 | 0 | |
| Social Science | 0 | 0 | 0 | 0 | 0 | 0.00 | 0 | 0 | |
| Literature - European Literature | 0 | 0 | 1 | 0 | -5 | 0.00 | 0 | 0 |